[Event "Winnipeg TNT January op"]
[Site "Winnipeg CAN"]
[Date "2008.01.29"]
[Round "4"]
[White "Green, Aaron"]
[Black "Letain, Cory"]
[Result "1-0"]
[WhiteElo "1563"]
[BlackElo "1362"]
[PlyCount "131"]
[GameId "2160767910557476"]
[EventDate "2008.01.08"]
[EventType "swiss"]
[EventRounds "4"]
[EventCountry "CAN"]
[SourceTitle "EXT 2011"]
[Source "ChessBase"]
[SourceDate "2011.11.26"]
[SourceVersion "1"]
[SourceVersionDate "2011.11.26"]
[SourceQuality "1"]

1. e4 e5 2. Nf3 Nf6 3. Nc3 Nc6 4. Bc4 Bb4 5. a3 Ba5 6. O-O O-O 7. Re1 d6 8. h3 Bb6 9. d3 Nd4 10. Bg5 Be6 11. Nd5 Bxd5 12. Bxd5 c6 13. Ba2 Rc8 14. c3 Ne6 15. Bxe6 fxe6 16. Qb3 Qe7 17. d4 exd4 18. cxd4 Qf7 19. Bh4 h6 20. e5 Nh5 21. exd6 Nf4 22. Bg3 c5 23. Bxf4 c4 24. Qe3 Qxf4 25. Qxe6+ Kh8 26. Qe5 Qf7 27. Qe7 Qf4 28. Rad1 Bd8 29. Qxb7 Bh4 30. d7 Rb8 31. Qe4 Bxf2+ 32. Kxf2 Rxb2+ 33. Kg1 Qg3 34. Re2 Rxe2 35. Qxe2 c3 36. Rc1 Qd6 37. Rxc3 Qxd7 38. Re3 Qc7 39. Re8 Qc1+ 40. Kh2 Qf4+ 41. g3 Qf6 42. Rxf8+ Qxf8 43. Qe3 Qf5 44. Ne5 Qc2+ 45. Kg1 Qb1+ 46. Kf2 Qf5+ 47. Kg2 Qc2+ 48. Qf2 Qe4+ 49. Kh2 Kh7 50. g4 Qd5 51. Qf5+ Kg8 52. Qf7+ Qxf7 53. Nxf7 Kxf7 54. Kg3 Ke6 55. Kf4 Kd5 56. Ke3 a6 57. h4 g6 58. Kd3 a5 59. a4 g5 60. h5 Ke6 61. Ke4 Kd6 62. Kf5 Kd5 63. Kg6 Kxd4 64. Kxh6 Kc4 65. Kxg5 Kb4 66. h6 1-0

[Event "Winnipeg TNT January op"]
[Site "Winnipeg CAN"]
[Date "2008.01.29"]
[Round "4"]
[White "Kernetsky, Myron"]
[Black "Adol, Deng"]
[Result "1-0"]
[WhiteElo "1896"]
[BlackElo "1804"]
[PlyCount "57"]
[GameId "2160767910557477"]
[EventDate "2008.01.08"]
[EventType "swiss"]
[EventRounds "4"]
[EventCountry "CAN"]
[SourceTitle "EXT 2011"]
[Source "ChessBase"]
[SourceDate "2011.11.26"]
[SourceVersion "1"]
[SourceVersionDate "2011.11.26"]
[SourceQuality "1"]

1. d4 d5 2. c4 dxc4 3. e3 b5 4. a4 c6 5. axb5 cxb5 6. b3 Qd6 7. bxc4 bxc4 8. Bxc4 Qb4+ 9. Nd2 Qb7 10. Ngf3 Nh6 11. Rb1 Qc7 12. Ba3 g6 13. Bd5 Nc6 14. Ne5 Nxe5 15. Bxa8 Nd3+ 16. Ke2 Bf5 17. Qa4+ Bd7 18. Qb3 f6 19. Qxd3 Kf7 20. Bd5+ e6 21. Rb7 Qc8 22. Rc1 Qe8 23. Bc6 Bxa3 24. Qxa3 Kg8 25. Bxd7 Nf5 26. Bxe8 Nxd4+ 27. exd4 e5 28. Qe7 e4 29. Qg7# 1-0

[Event "Winnipeg TNT January op"]
[Site "Winnipeg CAN"]
[Date "2008.01.29"]
[Round "4"]
[White "Lauritson, Jim"]
[Black "Lipnowski, Samuel"]
[Result "0-1"]
[WhiteElo "1998"]
[BlackElo "2290"]
[PlyCount "74"]
[GameId "2160767910557478"]
[EventDate "2008.01.08"]
[EventType "swiss"]
[EventRounds "4"]
[EventCountry "CAN"]
[SourceTitle "EXT 2011"]
[Source "ChessBase"]
[SourceDate "2011.11.26"]
[SourceVersion "1"]
[SourceVersionDate "2011.11.26"]
[SourceQuality "1"]

1. d4 d5 2. c4 c6 3. Nf3 Nf6 4. e3 a6 5. Nc3 b5 6. c5 Bg4 7. h3 Bh5 8. g4 Bg6 9. Ne5 Nfd7 10. Nxg6 hxg6 11. Bd3 e5 12. Qe2 Be7 13. Bd2 Kf8 14. O-O-O Bf6 15. dxe5 Nxe5 16. e4 d4 17. Nb1 Nbd7 18. b4 a5 19. f4 Nxd3+ 20. Qxd3 axb4 21. Bxb4 Nb8 22. e5 Be7 23. a3 Na6 24. Qxd4 Qxd4 25. Rxd4 Nxc5 26. Kc2 Ne6 27. Bxe7+ Kxe7 28. Re4 Rh4 29. Kb2 Rah8 30. a4 Nc5 31. Re3 Nxa4+ 32. Kb3 Rxg4 33. Rc1 Rg2 34. Rc2 Rxc2 35. Kxc2 Rh4 36. Rf3 Nc5 37. Nd2 Ne6 0-1

[Event "Winnipeg TNT January op"]
[Site "Winnipeg CAN"]
[Date "2008.01.29"]
[Round "4"]
[White "Liu, Weixi"]
[Black "Tang, Edward"]
[Result "1/2-1/2"]
[WhiteElo "1922"]
[BlackElo "1970"]
[PlyCount "47"]
[GameId "2160767910557479"]
[EventDate "2008.01.08"]
[EventType "swiss"]
[EventRounds "4"]
[EventCountry "CAN"]
[SourceTitle "EXT 2011"]
[Source "ChessBase"]
[SourceDate "2011.11.26"]
[SourceVersion "1"]
[SourceVersionDate "2011.11.26"]
[SourceQuality "1"]

1. d4 Nf6 2. c4 e6 3. Nf3 d5 4. Nc3 Be7 5. Bg5 O-O 6. e3 h6 7. Bh4 b6 8. cxd5 Nxd5 9. Bxe7 Qxe7 10. Be2 Bb7 11. O-O Rc8 12. Rc1 c5 13. b3 Nd7 14. Nxd5 exd5 15. Qd2 Nf8 16. Rc2 Ne6 17. Rfc1 Re8 18. h3 Qf6 19. Bb5 Red8 20. Bd3 g6 21. Be2 a5 22. a4 Kg7 23. Qc3 Rac8 24. Qd2 1/2-1/2

[Event "Winnipeg TNT January op"]
[Site "Winnipeg CAN"]
[Date "2008.01.29"]
[Round "4"]
[White "Wierda, John"]
[Black "Magnusson, Saul"]
[Result "0-1"]
[WhiteElo "1679"]
[BlackElo "1453"]
[PlyCount "120"]
[GameId "2160767910557480"]
[EventDate "2008.01.08"]
[EventType "swiss"]
[EventRounds "4"]
[EventCountry "CAN"]
[SourceTitle "EXT 2011"]
[Source "ChessBase"]
[SourceDate "2011.11.26"]
[SourceVersion "1"]
[SourceVersionDate "2011.11.26"]
[SourceQuality "1"]

1. Nf3 Nf6 2. g3 d5 3. c4 Nc6 4. cxd5 Nxd5 5. Nc3 e5 6. d3 Be6 7. Bg2 f6 8. O-O Qd7 9. a3 O-O-O 10. Qc2 Nb6 11. b4 h5 12. Ne4 Bh3 13. Be3 h4 14. Nxh4 Bxg2 15. Kxg2 g5 16. Nxf6 Qg7 17. Nf3 g4 18. Nxe5 Nxe5 19. d4 Qxf6 20. dxe5 Qxe5 21. Bf4 Qg7 22. Rac1 Nd5 23. Qf5+ Rd7 24. Be5 Qh7 25. Qxh7 Rhxh7 26. e4 Rde7 27. exd5 Rxe5 28. Rcd1 Reh5 29. Rh1 Rd7 30. Rd4 Rg5 31. h3 gxh3+ 32. Rxh3 Bg7 33. Rd2 c6 34. f4 Rf5 35. Kf3 Rfxd5 36. Rxd5 cxd5 37. Ke3 Rc7 38. Rh5 Rc3+ 39. Kf2 d4 40. Rg5 Bf6 41. Rf5 Rc6 42. Kf3 Kd7 43. g4 Ke6 44. Rb5 d3 45. Ke3 a6 46. Rxb7 Rd6 47. Kd2 Kd5 48. g5 Bb2 49. f5 Ke4 50. f6 Rc6 51. Re7+ Be5 52. f7 Rc2+ 53. Kd1 Rf2 54. g6 Rf1+ 55. Kd2 Rf2+ 56. Ke1 d2+ 57. Kd1 Kd3 58. f8=Q Rxf8 59. Rd7+ Bd4 60. Rxd4+ Kxd4 0-1

[Event "Winnipeg TNT July op"]
[Site "Winnipeg CAN"]
[Date "2008.07.08"]
[Round "1"]
[White "Goodman, Clifford"]
[Black "Vincent, Trevor"]
[Result "0-1"]
[WhiteElo "1640"]
[BlackElo "2213"]
[PlyCount "54"]
[GameId "2160767910354324"]
[EventDate "2008.07.08"]
[EventType "swiss"]
[EventRounds "4"]
[EventCountry "CAN"]
[SourceTitle "EXT 2011"]
[Source "ChessBase"]
[SourceDate "2011.11.26"]
[SourceVersion "1"]
[SourceVersionDate "2011.11.26"]
[SourceQuality "1"]

1. Nf3 c5 2. c4 g6 3. Nc3 Bg7 4. e4 Nc6 5. g3 e6 6. Bg2 Nge7 7. O-O O-O 8. d3 d5 9. Ne1 d4 10. Ne2 e5 11. a3 Be6 12. Rb1 a6 13. b4 cxb4 14. axb4 b5 15. c5 a5 16. bxa5 Qxa5 17. Bd2 b4 18. Nc2 Rfb8 19. f4 Ba2 20. Rb2 Qxc5 21. fxe5 Bxe5 22. Bf4 Be6 23. Bxe5 Nxe5 24. Qd2 b3 25. Na1 Ra2 26. Rfb1 Rxb2 27. Rxb2 Qa3 0-1

[Event "Winnipeg TNT July op"]
[Site "Winnipeg CAN"]
[Date "2008.07.08"]
[Round "1"]
[White "Lauritson, Jim"]
[Black "Wasserman, Leor"]
[Result "1-0"]
[WhiteElo "1969"]
[BlackElo "1494"]
[PlyCount "97"]
[GameId "2160767910354325"]
[EventDate "2008.07.08"]
[EventType "swiss"]
[EventRounds "4"]
[EventCountry "CAN"]
[SourceTitle "EXT 2011"]
[Source "ChessBase"]
[SourceDate "2011.11.26"]
[SourceVersion "1"]
[SourceVersionDate "2011.11.26"]
[SourceQuality "1"]

1. d4 d5 2. c4 c6 3. Nf3 Nf6 4. Nc3 dxc4 5. a4 e6 6. e3 Bb4 7. Bxc4 Nd5 8. Bd2 Nxc3 9. bxc3 Bd6 10. O-O O-O 11. e4 Nd7 12. e5 Be7 13. Ne1 Nb6 14. Bd3 c5 15. Qg4 Kh8 16. Qe4 g6 17. Bh6 Re8 18. Nf3 cxd4 19. cxd4 Qd5 20. Qf4 Bf8 21. Qxf7 Bxh6 22. Qxe8+ Kg7 23. Qe7+ Kg8 24. h4 Bf8 25. Qg5 Bd7 26. h5 Be8 27. hxg6 hxg6 28. Bxg6 Bxg6 29. Qxg6+ Bg7 30. Rfd1 Rf8 31. Ng5 Rf5 32. Nxe6 Rf7 33. Ng5 Rf4 34. Qe6+ Qxe6 35. Nxe6 Rf7 36. Nxg7 Kxg7 37. f3 Nd5 38. Kf2 Kh6 39. g3 Rc7 40. Rac1 Nc3 41. Re1 Kg5 42. e6 Rc4 43. e7 Rxa4 44. Rxc3 Rxd4 45. e8=Q a5 46. Rc5+ Kh6 47. Re6+ Kg7 48. Rc7+ Rd7 49. Rxd7# 1-0

[Event "Winnipeg TNT July op"]
[Site "Winnipeg CAN"]
[Date "2008.07.08"]
[Round "1"]
[White "Letain, Cory"]
[Black "Kernetsky, Myron"]
[Result "1/2-1/2"]
[WhiteElo "1500"]
[BlackElo "1992"]
[PlyCount "51"]
[GameId "2160767910354326"]
[EventDate "2008.07.08"]
[EventType "swiss"]
[EventRounds "4"]
[EventCountry "CAN"]
[SourceTitle "EXT 2011"]
[Source "ChessBase"]
[SourceDate "2011.11.26"]
[SourceVersion "1"]
[SourceVersionDate "2011.11.26"]
[SourceQuality "1"]

1. d4 Nf6 2. c4 e6 3. Nf3 b6 4. a3 Ba6 5. e3 Bb7 6. Nc3 Be7 7. Bd3 d5 8. O-O dxc4 9. Bxc4 O-O 10. Re1 c5 11. Qe2 Nbd7 12. dxc5 Nxc5 13. b4 Nce4 14. Nxe4 Nxe4 15. Bb2 Bf6 16. Red1 Qe7 17. Nd4 Rfd8 18. Bd3 Rac8 19. Rac1 h6 20. Ba6 Nd6 21. Bxb7 Qxb7 22. Nb5 Rxc1 23. Rxc1 Bxb2 24. Nxd6 Rxd6 25. Qxb2 Qd7 26. Qc2 1/2-1/2

[Event "Winnipeg TNT July op"]
[Site "Winnipeg CAN"]
[Date "2008.07.08"]
[Round "1"]
[White "Mundwiler, Les"]
[Black "Wasserman, Arie"]
[Result "0-1"]
[WhiteElo "2030"]
[BlackElo "1634"]
[PlyCount "68"]
[GameId "2160767910354327"]
[EventDate "2008.07.08"]
[EventType "swiss"]
[EventRounds "4"]
[EventCountry "CAN"]
[SourceTitle "EXT 2011"]
[Source "ChessBase"]
[SourceDate "2011.11.26"]
[SourceVersion "1"]
[SourceVersionDate "2011.11.26"]
[SourceQuality "1"]

1. e4 e5 2. Nc3 Nf6 3. g3 Bc5 4. Bg2 d6 5. Nge2 Bg4 6. d4 Bxd4 7. h3 Bxc3+ 8. bxc3 Be6 9. f4 Nc6 10. f5 Bc4 11. g4 d5 12. Ng3 dxe4 13. Qxd8+ Rxd8 14. g5 Nd5 15. Nxe4 f6 16. Ba3 Ne3 17. gxf6 gxf6 18. Rc1 Nxg2+ 19. Kf2 Nf4 20. Nxf6+ Kf7 21. Ng4 Rd2+ 22. Kg3 Ne2+ 23. Kh4 h5 24. Ne3 b5 25. Rcd1 Rhd8 26. Rxd2 Rxd2 27. Re1 Nf4 28. Bc1 Rh2 29. a4 Rxh3+ 30. Kg5 Rg3+ 31. Kh6 Ne7 32. Rd1 Ng8+ 33. Kh7 Rg7+ 34. Kh8 Nf6 0-1

[Event "Winnipeg TNT July op"]
[Site "Winnipeg CAN"]
[Date "2008.07.08"]
[Round "1"]
[White "Rutter, Blair"]
[Black "Pang, Michael"]
[Result "1-0"]
[WhiteElo "1874"]
[BlackElo "1378"]
[PlyCount "83"]
[GameId "2160767910354328"]
[EventDate "2008.07.08"]
[EventType "swiss"]
[EventRounds "4"]
[EventCountry "CAN"]
[SourceTitle "EXT 2011"]
[Source "ChessBase"]
[SourceDate "2011.11.26"]
[SourceVersion "1"]
[SourceVersionDate "2011.11.26"]
[SourceQuality "1"]

1. c4 c5 2. g3 d6 3. Nc3 Nf6 4. Bg2 g6 5. e4 Bg7 6. Nge2 Nc6 7. O-O O-O 8. h3 Ne5 9. d3 e6 10. Be3 Bd7 11. f4 Nc6 12. Qd2 Ne8 13. Kh2 Nc7 14. Rf2 Ne7 15. Rd1 Rb8 16. d4 b6 17. dxc5 Nc8 18. cxd6 Ne8 19. e5 f6 20. Rdf1 fxe5 21. fxe5 Rxf2 22. Rxf2 Bxe5 23. Bh6 Bxd6 24. Ne4 Be7 25. Nd4 Ng7 26. Qf4 Nd6 27. Nxd6 Qf8 28. Qxf8+ Rxf8 29. Rxf8+ Bxf8 30. Ne4 e5 31. Nf3 Nf5 32. Bxf8 Kxf8 33. Nxe5 Be6 34. Ng5 Bg8 35. b3 h6 36. Ne4 Kg7 37. Nc3 Kf6 38. Ng4+ Kg7 39. Nb5 a6 40. Nc7 a5 41. Nd5 b5 42. cxb5 1-0

[Event "Winnipeg TNT July op"]
[Site "Winnipeg CAN"]
[Date "2008.07.08"]
[Round "1"]
[White "Swift, Ryne"]
[Black "Wiebe, Daniel"]
[Result "1-0"]
[WhiteElo "1331"]
[BlackElo "1851"]
[PlyCount "103"]
[GameId "2160767910354330"]
[EventDate "2008.07.08"]
[EventType "swiss"]
[EventRounds "4"]
[EventCountry "CAN"]
[SourceTitle "EXT 2011"]
[Source "ChessBase"]
[SourceDate "2011.11.26"]
[SourceVersion "1"]
[SourceVersionDate "2011.11.26"]
[SourceQuality "1"]

1. e4 c5 2. Nf3 d6 3. d4 cxd4 4. Nxd4 Nf6 5. Nc3 a6 6. Be3 Nc6 7. f3 e5 8. Nb3 Be6 9. Qd2 d5 10. exd5 Nxd5 11. Nxd5 Qxd5 12. O-O-O Rd8 13. Qxd5 Bxd5 14. Be2 Be7 15. c4 Be6 16. Nc5 Rxd1+ 17. Rxd1 Bc8 18. Rd5 O-O 19. a3 b6 20. Nd7 Bxd7 21. Rxd7 Rd8 22. Rxd8+ Bxd8 23. Bd3 Bc7 24. b4 Nd4 25. Bxd4 exd4 26. c5 bxc5 27. bxc5 a5 28. g3 Kf8 29. Kc2 Ke7 30. Kb3 Ke6 31. Kc4 Be5 32. f4 Bf6 33. g4 h6 34. Bf5+ Ke7 35. Kb5 g6 36. Bd3 Kd7 37. Kxa5 Kc6 38. Bc4 Kxc5 39. Bxf7 g5 40. f5 d3 41. Bb3 d2 42. Ka6 Kd4 43. Bd1 Kc4 44. Kb6 Bd8+ 45. Kc6 Kc3 46. Kd6 Kb2 47. Ke6 Kc1 48. Bf3 d1=Q 49. Bxd1 Kxd1 50. f6 Bb6 51. f7 Bc5 52. a4 1-0

[Event "Winnipeg TNT July op"]
[Site "Winnipeg CAN"]
[Date "2008.07.08"]
[Round "1"]
[White "Trueman, Francis"]
[Black "Bince, Rolando"]
[Result "0-1"]
[WhiteElo "1489"]
[BlackElo "1952"]
[PlyCount "142"]
[GameId "2160767910354331"]
[EventDate "2008.07.08"]
[EventType "swiss"]
[EventRounds "4"]
[EventCountry "CAN"]
[SourceTitle "EXT 2011"]
[Source "ChessBase"]
[SourceDate "2011.11.26"]
[SourceVersion "1"]
[SourceVersionDate "2011.11.26"]
[SourceQuality "1"]

1. Nf3 c6 2. g3 d5 3. d3 Nf6 4. Nbd2 e5 5. e4 Bg4 6. h3 Bxf3 7. Qxf3 Nbd7 8. Bg2 Bc5 9. O-O O-O 10. Qe2 Qb6 11. Nb3 Bd6 12. Kh1 a5 13. a4 Rfe8 14. g4 dxe4 15. dxe4 Re6 16. Nd2 Nf8 17. Nc4 Qa6 18. Bf3 Ng6 19. Nxd6 Qxe2 20. Bxe2 Rxd6 21. Bf3 Nh4 22. Bg2 Nxg2 23. Kxg2 Rd4 24. f3 b5 25. b3 bxa4 26. bxa4 Rb8 27. Ra2 Nd7 28. Be3 Rd6 29. Rf2 Kf8 30. Bd2 Ra8 31. Rb2 Nc5 32. Ra2 Ne6 33. Kg3 g5 34. Be3 c5 35. Rb2 h6 36. Rb5 Rc6 37. Rd2 Nd4 38. Rb7 Rf6 39. Rf2 Rc6 40. c3 Ne6 41. Rd2 Ke8 42. Rdd7 Nd8 43. Rbc7 Rxc7 44. Rxc7 Ne6 45. Rc6 Kd7 46. Rb6 Kc7 47. Rb5 Kc6 48. Rb2 Rd8 49. Rd2 Rxd2 50. Bxd2 Nc7 51. c4 Kb6 52. h4 f6 53. h5 Ne8 54. Bc3 Nd6 55. Kf2 Nxc4 56. Ke2 Nd6 57. Kd3 c4+ 58. Kc2 Nb7 59. Kb2 Nc5 60. Ka3 Nd3 61. Bd2 Nc5 62. Bc3 Nb3 63. Be1 Nd4 64. Bf2 Kc6 65. Be1 Nxf3 66. Bxa5 Nh2 67. Bd8 Nxg4 68. a5 Kb5 69. Bc7 Nf2 70. Bd8 Nxe4 71. Bc7 g4 0-1

[Event "Winnipeg TNT July op"]
[Site "Winnipeg CAN"]
[Date "2008.07.15"]
[Round "2"]
[White "Bince, Rolando"]
[Black "Swift, Ryne"]
[Result "0-1"]
[WhiteElo "1952"]
[BlackElo "1331"]
[PlyCount "116"]
[GameId "2160767910354332"]
[EventDate "2008.07.08"]
[EventType "swiss"]
[EventRounds "4"]
[EventCountry "CAN"]
[SourceTitle "EXT 2011"]
[Source "ChessBase"]
[SourceDate "2011.11.26"]
[SourceVersion "1"]
[SourceVersionDate "2011.11.26"]
[SourceQuality "1"]

1. Nf3 Nc6 2. e4 e5 3. Bb5 a6 4. Ba4 Nf6 5. O-O b5 6. Bb3 Bc5 7. c3 O-O 8. d4 exd4 9. cxd4 Bb6 10. e5 Ne8 11. Bg5 Ne7 12. Qd3 Kh8 13. Re1 f6 14. exf6 gxf6 15. Bh6 Ng7 16. Nbd2 d5 17. Nh4 Rg8 18. Bxg7+ Rxg7 19. Re3 Bd7 20. Rae1 Qf8 21. Ndf3 c6 22. Kh1 Re8 23. Bc2 Ba5 24. R1e2 Bc7 25. g3 Bd6 26. Qd2 f5 27. Ne5 Bxe5 28. Rxe5 f4 29. Qxf4 Qxf4 30. gxf4 Reg8 31. Rg5 Nc8 32. Rg3 Rg4 33. Ng2 h5 34. Re5 Be8 35. h3 R4g7 36. Re6 Rxg3 37. fxg3 Kg7 38. Kh2 Kf7 39. Re5 Kf6 40. Nh4 Nb6 41. Nf3 Nc4 42. Rf5+ Ke7 43. b3 Bg6 44. Rg5 Bf7 45. bxc4 dxc4 46. Rc5 Bd5 47. Ne5 Kd6 48. f5 Re8 49. Rxd5+ Kxd5 50. Bd1 Kxd4 51. Nxc6+ Ke3 52. Bxh5 c3 53. Bxe8 c2 54. f6 c1=Q 55. f7 Qd2+ 56. Kh1 Qe1+ 57. Kh2 Qf2+ 58. Kh1 Ke2 0-1

[Event "Winnipeg TNT July op"]
[Site "Winnipeg CAN"]
[Date "2008.07.15"]
[Round "2"]
[White "Gibbons, Lorne"]
[Black "Trueman, Francis"]
[Result "0-1"]
[WhiteElo "1203"]
[BlackElo "1489"]
[PlyCount "44"]
[GameId "2160767910354333"]
[EventDate "2008.07.08"]
[EventType "swiss"]
[EventRounds "4"]
[EventCountry "CAN"]
[SourceTitle "EXT 2011"]
[Source "ChessBase"]
[SourceDate "2011.11.26"]
[SourceVersion "1"]
[SourceVersionDate "2011.11.26"]
[SourceQuality "1"]

1. d4 Nf6 2. c4 g6 3. Nc3 d6 4. e4 Bg7 5. Bf4 O-O 6. Nf3 c6 7. Be2 Ne8 8. Qd2 f5 9. exf5 Bxf5 10. Nh4 Be6 11. Bh6 Nf6 12. Qg5 Bxh6 13. Qxh6 Ng4 14. Bxg4 Bxg4 15. Nxg6 Rf6 16. Qg5 Rxg6 17. Qf4 Qf8 18. Qd2 Re6+ 19. Kf1 Nd7 20. f3 Bxf3 21. gxf3 Qxf3+ 22. Qf2 Qxh1+ 0-1

[Event "Winnipeg TNT July op"]
[Site "Winnipeg CAN"]
[Date "2008.07.15"]
[Round "2"]
[White "Green, Aaron"]
[Black "Lauritson, Jim"]
[Result "1/2-1/2"]
[WhiteElo "1674"]
[BlackElo "1969"]
[PlyCount "111"]
[GameId "2160767910354334"]
[EventDate "2008.07.08"]
[EventType "swiss"]
[EventRounds "4"]
[EventCountry "CAN"]
[SourceTitle "EXT 2011"]
[Source "ChessBase"]
[SourceDate "2011.11.26"]
[SourceVersion "1"]
[SourceVersionDate "2011.11.26"]
[SourceQuality "1"]

1. e4 c5 2. Nf3 e6 3. d4 cxd4 4. Nxd4 Nc6 5. Nb5 d6 6. c4 a6 7. N5c3 Nf6 8. Na3 b6 9. Be2 Bb7 10. f4 Be7 11. Bf3 Qc7 12. O-O O-O 13. Be3 Na5 14. Qe2 Rac8 15. Rac1 Nxc4 16. Nxc4 Qxc4 17. Nd5 Bxd5 18. Rxc4 Bxc4 19. Qd2 Bxf1 20. Kxf1 Nd7 21. g4 Rc7 22. f5 Ne5 23. Be2 Rfc8 24. Bxa6 Rc1+ 25. Qxc1 Rxc1+ 26. Bxc1 Nxg4 27. h3 Ne5 28. Be3 Bd8 29. Bc8 exf5 30. Bxf5 Nc4 31. Bc1 h6 32. b3 Ne5 33. Be3 Kf8 34. Ke2 Ke7 35. a4 Kf6 36. Bd4 Bc7 37. b4 Ke7 38. Bxe5 dxe5 39. Kd3 g6 40. Bg4 h5 41. Bd1 Kf6 42. Ke3 Bd6 43. b5 Kg5 44. Kf3 f5 45. Bc2 Bb4 46. Bd3 f4 47. Bc4 Kh4 48. Be6 Kg5 49. Bd7 Kf6 50. Bc6 Ke7 51. Bb7 Kd6 52. Bc6 g5 53. Be8 h4 54. Bc6 Kc5 55. Bd7 Kd4 56. Be6 1/2-1/2

[Event "Winnipeg TNT July op"]
[Site "Winnipeg CAN"]
[Date "2008.07.15"]
[Round "2"]
[White "Kernetsky, Myron"]
[Black "Campbell, Gary"]
[Result "1-0"]
[WhiteElo "1992"]
[BlackElo "1637"]
[PlyCount "43"]
[GameId "2160767910354335"]
[EventDate "2008.07.08"]
[EventType "swiss"]
[EventRounds "4"]
[EventCountry "CAN"]
[SourceTitle "EXT 2011"]
[Source "ChessBase"]
[SourceDate "2011.11.26"]
[SourceVersion "1"]
[SourceVersionDate "2011.11.26"]
[SourceQuality "1"]

1. d4 Nf6 2. c4 g6 3. Nc3 Bg7 4. e4 d6 5. Nf3 O-O 6. h3 e5 7. Be2 Nc6 8. d5 Ne7 9. Bg5 Nd7 10. Qd2 f5 11. exf5 Rxf5 12. Ne4 Nf6 13. Ng3 e4 14. Nxf5 exf3 15. Nxe7+ Qxe7 16. gxf3 Qe5 17. O-O-O Bf5 18. Bf4 Qe7 19. Bd3 Bxd3 20. Qxd3 Re8 21. Bd2 Nh5 22. Rde1 1-0

[Event "Winnipeg TNT July op"]
[Site "Winnipeg CAN"]
[Date "2008.07.15"]
[Round "2"]
[White "Pang, Michael"]
[Black "Mundwiler, Les"]
[Result "0-1"]
[WhiteElo "1378"]
[BlackElo "2030"]
[PlyCount "86"]
[GameId "2160767910354337"]
[EventDate "2008.07.08"]
[EventType "swiss"]
[EventRounds "4"]
[EventCountry "CAN"]
[SourceTitle "EXT 2011"]
[Source "ChessBase"]
[SourceDate "2011.11.26"]
[SourceVersion "1"]
[SourceVersionDate "2011.11.26"]
[SourceQuality "1"]

1. e4 c5 2. Nf3 Nc6 3. d4 cxd4 4. Nxd4 Nf6 5. Nc3 d6 6. Be3 Ng4 7. Qd2 Nxe3 8. Qxe3 g6 9. O-O-O Bg7 10. Bb5 Bd7 11. Nce2 Qa5 12. Kb1 a6 13. Bc4 Ne5 14. Bb3 b5 15. f4 Nc4 16. Qc3 Qb6 17. Rd3 Rc8 18. Qe1 Bg4 19. c3 e5 20. Nc2 O-O 21. g3 a5 22. h3 Be6 23. Qd1 Rfd8 24. g4 a4 25. f5 axb3 26. axb3 Nd2+ 27. Qxd2 Bxb3 28. Ne3 Qa6 29. Nc1 Bc4 30. Nxc4 bxc4 31. Rd5 Bf8 32. Rf1 Ra8 33. fxg6 hxg6 34. Qf2 Rd7 35. Kc2 Qa4+ 36. Kd2 Rb8 37. Ke3 Qa1 38. Nd3 Qa7+ 39. Nc5 Bh6+ 40. Kf3 dxc5 41. Rxd7 Qxd7 42. Qxc5 Qd3+ 43. Kg2 Rxb2+ 0-1

[Event "Winnipeg TNT July op"]
[Site "Winnipeg CAN"]
[Date "2008.07.15"]
[Round "2"]
[White "Van Wyk, Joseph"]
[Black "Klokow, John"]
[Result "1-0"]
[WhiteElo "2040"]
[BlackElo "1737"]
[PlyCount "73"]
[GameId "2160767910354338"]
[EventDate "2008.07.08"]
[EventType "swiss"]
[EventRounds "4"]
[EventCountry "CAN"]
[SourceTitle "EXT 2011"]
[Source "ChessBase"]
[SourceDate "2011.11.26"]
[SourceVersion "1"]
[SourceVersionDate "2011.11.26"]
[SourceQuality "1"]

1. e4 e5 2. Nf3 Nc6 3. d4 exd4 4. c3 dxc3 5. Nxc3 Bb4 6. Bc4 Bxc3+ 7. bxc3 Nge7 8. Ng5 Ne5 9. Bb3 h6 10. Qh5 O-O 11. f4 Nd3+ 12. Kd2 hxg5 13. Kxd3 d5 14. Rd1 dxe4+ 15. Kc2 Qe8 16. Qxg5 b6 17. h4 Ba6 18. f5 Bd3+ 19. Kb2 Nxf5 20. Qxf5 c5 21. h5 c4 22. h6 Qe6 23. Qxe6 fxe6 24. Bc2 Rf2 25. Rd2 Raf8 26. Bxd3 exd3 27. hxg7 Kxg7 28. Ka3 e5 29. Kb4 Rxd2 30. Bxd2 Rc8 31. Re1 Kf6 32. Re4 Kf5 33. Rxc4 Rxc4+ 34. Kxc4 e4 35. Kd4 b5 36. a3 a6 37. Be3 1-0

[Event "Winnipeg TNT July op"]
[Site "Winnipeg CAN"]
[Date "2008.07.15"]
[Round "2"]
[White "Vincent, Trevor"]
[Black "Charter, Bennet"]
[Result "1-0"]
[WhiteElo "2213"]
[BlackElo "1722"]
[PlyCount "59"]
[GameId "2160767910354339"]
[EventDate "2008.07.08"]
[EventType "swiss"]
[EventRounds "4"]
[EventCountry "CAN"]
[SourceTitle "EXT 2011"]
[Source "ChessBase"]
[SourceDate "2011.11.26"]
[SourceVersion "1"]
[SourceVersionDate "2011.11.26"]
[SourceQuality "1"]

1. c4 Nf6 2. g3 g6 3. Bg2 d5 4. cxd5 Nxd5 5. Nc3 Nb6 6. d3 Bg7 7. Be3 O-O 8. Qd2 Re8 9. Rc1 c6 10. Nf3 N8d7 11. O-O Nf6 12. Rfd1 Nfd5 13. Bc5 Nxc3 14. bxc3 Be6 15. Bd4 f6 16. c4 Qd7 17. Rb1 Nc8 18. Bc3 Bf7 19. Nd4 e5 20. Nb3 b6 21. a4 Rb8 22. Rb2 Qc7 23. Rdb1 c5 24. Na1 Nd6 25. Rb3 e4 26. Qb2 Qd8 27. Nc2 exd3 28. exd3 Kh8 29. Ne3 Nc8 30. Ng4 1-0

[Event "Winnipeg TNT July op"]
[Site "Winnipeg CAN"]
[Date "2008.07.15"]
[Round "2"]
[White "Wasserman, Arie"]
[Black "Rutter, Blair"]
[Result "1/2-1/2"]
[WhiteElo "1634"]
[BlackElo "1874"]
[PlyCount "110"]
[GameId "2160767910354340"]
[EventDate "2008.07.08"]
[EventType "swiss"]
[EventRounds "4"]
[EventCountry "CAN"]
[SourceTitle "EXT 2011"]
[Source "ChessBase"]
[SourceDate "2011.11.26"]
[SourceVersion "1"]
[SourceVersionDate "2011.11.26"]
[SourceQuality "1"]

1. e4 e6 2. Nc3 d5 3. exd5 exd5 4. d4 Nf6 5. Nf3 Be7 6. Bd3 O-O 7. h3 c5 8. O-O cxd4 9. Nxd4 Nc6 10. Nxc6 bxc6 11. b3 Bb4 12. Bb2 Qd6 13. Ne2 c5 14. Ng3 d4 15. c3 Ba5 16. cxd4 cxd4 17. Qf3 Bd7 18. Ne4 Nxe4 19. Qxe4 f5 20. Qxd4 Qxd4 21. Bxd4 Be6 22. Rfc1 Rfd8 23. Bc4 Kf7 24. Bxe6+ Kxe6 25. Bxg7 Rd2 26. Bc3 Rd5 27. Bxa5 Rxa5 28. Rc7 h5 29. b4 Rd5 30. g3 a5 31. bxa5 Raxa5 32. Rh7 f4 33. Re1+ Kf6 34. gxf4 Kg6 35. Rhe7 Rxa2 36. R1e6+ Kf5 37. Re5+ Rxe5 38. Rxe5+ Kxf4 39. Rxh5 Ra8 40. Kh2 Rg8 41. Rh7 Rf8 42. Rg7 Kf3 43. Kg1 Rf6 44. Rg3+ Kf4 45. Kg2 Rh6 46. Rg4+ Kf5 47. Kg3 Rb6 48. h4 Rb7 49. Rg5+ Kf6 50. Kg2 Rb4 51. Kh3 Rb3+ 52. Rg3 Rb1 53. f4 Kf5 54. Kg2 Kxf4 55. Rg8 Rb2+ 1/2-1/2